Hore Hontom dole Hontom hontianske cyklistické dobrodružstvá

Bibliographic Details
Main Author: Daniš, Dušan, 1982- (Author)
Format: Book
Language:Slovak
PhysicalDescription:56 s. fotogr., mapy 21 cm
Published: [Rybník] AGRIPA 2015
ISBN:9788097123284
Edition:1. vyd.
Subjects:

MARC

LEADER 00000nam a2200000 a 4500
001 vtls010695073
003 SK-MaSNL
005 20260301184102.0
008 240318s2015 xo ob g f 000 0 slo
015 |a SNBE2017 
020 |a 9788097123284  |q (brož.) 
040 |a SNK  |b slo  |c SNK  |e AACR2 
041 0 |a slo 
043 |a e-xo--- 
044 |a xo  |c SK 
072 7 |a 913(437)  |x Geografia Česka a Slovenska, reálie, cestovanie  |2 konspekt 
080 |a 796.61  |2 2001 
080 |a 908(437.6)  |2 2001 
080 |a 913:338.483.1  |2 2001 
080 |a (036)796.61  |2 2001 
080 |a 796.6:625.711.4  |2 2001 
100 1 |a Daniš, Dušan,  |d 1982-  |4 aut  |9 217897 
245 1 0 |a Hore Hontom dole Hontom  |b hontianske cyklistické dobrodružstvá  |c [autor: Dušan Daniš] 
250 |a 1. vyd. 
260 |a [Rybník]  |b AGRIPA  |c 2015 
300 |a 56 s.  |b fotogr., mapy  |c 21 cm 
500 |a Názov z obalu 
500 |a Vydav. údaje podľa čísla ISBN 
500 |a Obsahuje sedem máp v rôznych mierkach 
650 0 7 |a cykloturistika  |2 SNKPH  |9 3264 
650 0 7 |a turistické zaujímavosti  |2 SNKPH  |9 73869 
650 0 7 |a Bicycle touring  |2 SNKPHeng  |9 332767 
650 0 7 |a Bike trails  |2 SNKPHeng  |9 347784 
650 0 7 |a cyklotrasy  |2 SNKPH  |9 87011 
650 0 7 |a Tourist sights  |2 SNKPHeng  |9 296885 
651 7 |a Hont (Slovensko : región)  |2 SNKPH  |9 164709 
651 7 |a Hont (Slovakia : region)  |2 SNKPHeng  |9 172606 
655 7 |a cykloturistickí sprievodcovia (publikácie)  |2 SNKPH  |9 347785 
655 7 |a cycling guidebooks  |2 SNKPHeng  |9 333559 
919 |a 978-80-97123-28-4 
999 |c 859382  |d 861312 
952 |a SNK  |b SNK  |y PREZ  |7 0  |p 17A1168866  |o snkOSC 27189  |i snk2015/22840  |8 0  |0 0  |1 0  |4 0  |d 2015-07-24  |l 0  |r 2026-02-24 05:07:29  |w 2026-02-24 
952 |a SNK  |b SNK  |y VYP  |7 0  |p 17A1168872  |o snkOSC 27189 D1  |i snk2015/22841  |8 0  |0 0  |1 0  |4 0  |d 2015-07-24  |l 0  |r 2026-02-24 05:07:29  |w 2026-02-24